Intensités des degrés de l'échelle de Beaufort - Statistiques

Statistiques générales
  • Ce quiz a été pris 18 fois
  • Le résultat moyen est 4 sur 13
Statistiques - réponses
Intensité Terme employé % Correct
0 Calme
88%
10 Tempête
75%
3 Petite brise
63%
7 Grand frais
38%
8 Coup de vent
25%
4 Jolie brise
25%
9 Fort coup de vent
13%
2 Légère brise
13%
12 Vent d'ouragan
13%
5 Bonne brise
0%
1 Très légère brise
0%
6 Vent frais
0%
11 Violente tempête
0%
Aucun quiz correspondant
Distribution des résultats
% des personnes avec chaque résultat
Percentile par nombre de réponses
Votre historique - résultats
Vous n’avez pas pris ce quiz